| 000 | 00672 a2200217 4500 | ||
|---|---|---|---|
| 020 | _a0764123467 | ||
| 040 |
_aDLC _bDLC |
||
| 100 | 1 | _aEhrenhaft, George. | |
| 245 | 1 | 0 |
_aHow to prepare for SAT II : writing _cGeorge Ehrenhaft. |
| 246 | 3 | _aBarron's how to prepare for SAT II | |
| 246 | 3 | _aSAT II, writing | |
| 250 | _a4th ed. | ||
| 260 |
_aHauppauge, N.Y. : _bBarron's, _cc2004. |
||
| 300 |
_avi, 409 p. ; _c28 cm. |
||
| 500 | _aAt head of title: Barron's. | ||
| 500 | _aIncludes index. | ||
| 650 | 0 |
_aEnglish language _xComposition and exercises _xExaminations |
|
| 650 | 0 | _aSAT (Educational test) | |
| 700 | 1 | _aEhrenhaft, George. | |
| 942 |
_cBK _k808.042076 EHR _2ddc |
||
| 999 |
_c10124 _d10124 |
||